| 000 | 00474pab a2200169 454500 | ||
|---|---|---|---|
| 008 | 180718b2002 xxu||||| |||| 00| 0 eng d | ||
| 100 | _aCameron, David M. | ||
| 245 | _aThe challenge of change: Canadian universities in the 21st century | ||
| 260 | _c2002 | ||
| 300 | _ap.145-74. | ||
| 362 | _aSummer | ||
| 650 | _aUniversities - 21st century | ||
| 650 | _aUniversities - Canada | ||
| 650 | _aUniversities | ||
| 773 | _aCanadian Public Administration | ||
| 909 | _a54941 | ||
| 999 |
_c54941 _d54941 |
||